K dalšímu rozvíjení soustavy plánovitého řízení

Uložené v:
Podrobná bibliografia
Médium: Kniha
Jazyk:Czech
Vydavateľské údaje: Praha Ekonomický ústav ČSAV 1983
Edícia:VPE č. 170
Tagy: Pridať tag
Žiadne tagy, Buďte prvý, kto otaguje tento záznam!

MARC

LEADER 00000nam a2200000 4500
001 c130316
005 20041019155249.0
041 0 |a cze 
044 |a CZ 
245 1 0 |a K dalšímu rozvíjení soustavy plánovitého řízení 
264 1 |a Praha  |b Ekonomický ústav ČSAV  |c 1983 
300 |a 246 s. 
490 1 |a VPE  |v č. 170 
830 0 |a VPE  |v č. 170